Biblioteka Instytutu Północnego w Olsztynie

Antymilenium : (Rekord nr 27864)

Szczegóły MARC
000 -Nagłówek
fixed length control field 02923cam a2200613 i 4500
001 - Nr kontrolny bibl., która utworzyła rek.
control field xx004853788
003 - Siglum bibl., której nr kontr. jest w 001
control field NUKAT
005 - Data i czas ostatniej operacji
control field 20260429122036.0
008 - Elementy pola stałej długości
fixed length control field 200505s2020 pl |001 0 pol c
020 ## - ISBN
ISBN 9788380988354
dopowiedzenie (oprawa twarda) :
warunki dostępności zł 45,00
035 ## - Systemowy numer kontrolny
systemowy numer kontrolny (OCoLC)1413755658
035 ## - Systemowy numer kontrolny
systemowy numer kontrolny (NUKAT)xx004853788
040 ## - Instytucja sporządzająca opis
Instytucja, która sporządziła opis KR 253/MH
język katalgowania-trzyzn. kod pol
zasady opisu rda
Instytucja, która sporządziła rekord KR 253/MH
Instytucja, która zmodyfikowała rekord KAT U/MBs
-- POZN U/EMs
-- WA 14/ABs
-- OLSZT 008/bak
045 2# - Okres czasu dla zawartości
czas między r. 9999 pne a nasz. czas. d1944
-- d1967
046 ## - Kod rodz. daty, data1, data2 (daty pne)
Begin/single date 2020
100 1# - Hasło główne-nazwa osobowa
Nazwa osobowa Noszczak, Bartłomiej
Daty biograficzne (1976- ).
rodzaj współpracy Autor
9 (RLIN) 17512
245 10 - Tytuł właściwy i oznaczenie odpow.
tytuł Antymilenium :
dodatek do tytułu konflikt państwa z Kościołem na tle obchodów tysiąclecia chrztu Polski (1956-1966/1967) /
dod. inf. ze s. tyt./ozn. odpow. Bartłomiej Noszczak ; Instytut Pamięci Narodowej. Komisja Ścigania Zbrodni przeciwko Narodowi Polskiemu.
246 30 - Inne formy tytułu, wariant tytułu
tytuł Konflikt państwa z Kościołem na tle obchodów tysiąclecia chrztu Polski (1956-1966/1967)
260 ## - Adres wydawniczy
miejsce wydania, dystrybucji itp. Warszawa :
nazwa wydawcy, dystrybutora itp. Instytut Pamięci Narodowej. Komisja Ścigania Zbrodni przeciwko Narodowi Polskiemu,
data wydania, dystrybucji itp. 2020.
300 ## - Opis fizyczny
objętość i/lub forma materiału 504 strony ;
format 25 cm.
336 ## - Content Type
Term Tekst
Code txt
Source rdacontent
337 ## - Media Type
Term Bez urządzenia pośredniczącego
Code n
Source rdamedia
338 ## - Carrier Type
Term Wolumin
Code nc
Source rdacarrier
380 ## - Form of work
Form of work Książki
380 ## - Form of work
Form of work Publikacje naukowe
388 1# - TIME PERIOD OF CREATION
Time period of creation term 2001-
490 1# - Tytuł serii i ks. wielotom.-nie do wysz.
oznaczenie serii Monografie ;
numer woluminu t. 150
490 1# - Tytuł serii i ks. wielotom.-nie do wysz.
oznaczenie serii Centralny Projekt Badawczy IPN Władze Komunistyczne wobec Kościołów i Związków Wyznaniowych w Polsce 1944-1989
504 ## - Uwaga o bibliografii
uwaga o bibliografii Bibliografia na stronach 479-492. Indeks.
610 27 - Hasło przedmiotowe-nazwa ciała zbior.
nazwa ciała zbior. lub geogr. Kościół katolicki
źródło hasła DBN
9 (RLIN) 37102
648 #7 - SUBJECT ADDED ENTRY--CHRONOLOGICAL TERM
Chronological term 1901-2000
Source of heading or term DBN
9 (RLIN) 34996
648 #7 - SUBJECT ADDED ENTRY--CHRONOLOGICAL TERM
Chronological term 1939-1945
Source of heading or term DBN
9 (RLIN) 36042
648 #7 - SUBJECT ADDED ENTRY--CHRONOLOGICAL TERM
Chronological term 1945-1989
Source of heading or term DBN
9 (RLIN) 36043
650 #7 - Hasło przedmiotowe-nazwa pospolita
nazwa pospolita lub geogr. Konflikt społeczny
źródło hasła DBN
9 (RLIN) 37511
650 #7 - Hasło przedmiotowe-nazwa pospolita
nazwa pospolita lub geogr. Kościół a państwo
źródło hasła DBN
9 (RLIN) 35883
650 #7 - Hasło przedmiotowe-nazwa pospolita
nazwa pospolita lub geogr. Polityka wyznaniowa
źródło hasła DBN
9 (RLIN) 37432
650 #7 - Hasło przedmiotowe-nazwa pospolita
nazwa pospolita lub geogr. PRL
źródło hasła DBN
9 (RLIN) 35084
650 #7 - Hasło przedmiotowe-nazwa pospolita
nazwa pospolita lub geogr. Prześladowania religijne
źródło hasła DBN
9 (RLIN) 37420
650 #7 - Hasło przedmiotowe-nazwa pospolita
nazwa pospolita lub geogr. Tysiąclecie chrztu Polski (1966)
źródło hasła DBN
9 (RLIN) 40151
650 #7 - Hasło przedmiotowe-nazwa pospolita
nazwa pospolita lub geogr. Tysiąclecie Państwa Polskiego (1960-1966)
źródło hasła DBN
9 (RLIN) 40862
650 #7 - Hasło przedmiotowe-nazwa pospolita
nazwa pospolita lub geogr. Kościół i państwo
określnik geograficzny Polska
określnik chronologiczny 1945-1970.
źródło hasła kaba
9 (RLIN) 39657
650 #7 - Hasło przedmiotowe-nazwa pospolita
nazwa pospolita lub geogr. Tysiąclecie chrztu Polski (966-1966).
źródło hasła kaba
9 (RLIN) 40863
650 #7 - Hasło przedmiotowe-nazwa pospolita
nazwa pospolita lub geogr. Kościół i państwo
określnik rzeczowy Kościół katolicki
określnik chronologiczny 1945-1970.
źródło hasła kaba
9 (RLIN) 39658
650 #7 - Hasło przedmiotowe-nazwa pospolita
nazwa pospolita lub geogr. Orędzie biskupów polskich do biskupów niemieckich (1965).
źródło hasła kaba
9 (RLIN) 40864
651 #7 - Hasło przedmiotowe-nazwa geogr.
nazwa geograficzna Polska
źródło hasła DBN
9 (RLIN) 35076
655 #7 - Termin określający rodzaj/formę
rodzaj/forma Monografia
źródło terminu DBN
9 (RLIN) 35240
658 ## - Nazwa określająca cel programu nauczania
główny cel programu nauczania Historia
658 ## - Nazwa określająca cel programu nauczania
główny cel programu nauczania Religia i duchowość
710 2# - Hasło dodatkowe - nazwa ciała zbior.
nazwa ciała zbior. lub nazwa geogr. Instytut Pamięci Narodowej - Komisja Ścigania Zbrodni przeciwko Narodowi Polskiemu.
rodzaj współpracy Instytucja sprawcza
-- Wydawca
kod rodzaju współpracy pbl
9 (RLIN) 11792
830 #0 - Hasło dod. serii i op. ks. wielotom. -tyt
tytuł Monografie - Instytut Pamięci Narodowej - Komisja Ścigania Zbrodni przeciwko Narodowi Polskiemu
oznaczenie tomu t. 150
9 (RLIN) 11794
830 #0 - Hasło dod. serii i op. ks. wielotom. -tyt
tytuł Władze Komunistyczne wobec Kościołów i Związków Wyznaniowych w Polsce 1944-1989
9 (RLIN) 18363
920 ## - ISBN
ISBN 978-83-8098-835-4 (oprawa twarda) : zł 45,00
942 ## - ADDED ENTRY ELEMENTS (KOHA)
Source of classification or shelving scheme Dewey Decimal Classification
Koha item type pozycje dostępne na miejscu
Egzemplarze
Status wycofania Status zagubienia Klasyfikacja Status uszkodzenia Blokada wypożyczeń Kolekcja Lokalizacja macierzysta Lokalizacja bieżąca Data nabycia Numer akcesji Źródło akcesji Cena Nr inwentarzowy il. wypożyczeń Sygnatura Kod kreskowy Date last seen Price effective from Typ egz.
    Dewey Decimal Classification nieuszkodzona   książka w magazynie Biblioteka Instytutu Północnego w Olsztynie Biblioteka Instytutu Północnego w Olsztynie 30/11/2020 D-36/2020 dar 45.00 59967   59967 IPWK24071 29/04/2026 29/04/2026 pozycje dostępne na miejscu
Biblioteka Instytutu Północnego, ul. Partyzantów 87, 10-402 Olsztyn, email: biblioteka(at)ip.olsztyn.pl